Welcome to CU Library Online Public Access Catalogue (OPAC)

The interpretation of the fourth Gospel, (Record no. 6846)

MARC details
000 -LEADER
fixed length control field 00702cam a22002051 4500
001 - CONTROL NUMBER
control field 289982
005 - DATE AND TIME OF LATEST TRANSACTION
control field 20250703174402.0
008 - FIXED-LENGTH DATA ELEMENTS--GENERAL INFORMATION
fixed length control field 710622s1968 enk b 000 0 eng
020 ## - INTERNATIONAL STANDARD BOOK NUMBER
International Standard Book Number 0521095174
020 ## - INTERNATIONAL STANDARD BOOK NUMBER
International Standard Book Number 9780521095174
050 00 - LIBRARY OF CONGRESS CALL NUMBER
Classification number BS2615
Item number .D57 1968
082 00 - DEWEY DECIMAL CLASSIFICATION NUMBER
Classification number 226/.5/066
100 1# - MAIN ENTRY--PERSONAL NAME
Personal name Dodd, C. H.
Fuller form of name (Charles Harold),
Dates associated with a name 1884-1973.
245 14 - TITLE STATEMENT
Title The interpretation of the fourth Gospel,
Statement of responsibility, etc. by C. H. Dodd.
260 ## - PUBLICATION, DISTRIBUTION, ETC.
Place of publication, distribution, etc. Cambridge,
Name of publisher, distributor, etc. Cambridge U.P.,
Date of publication, distribution, etc. 1968.
300 ## - PHYSICAL DESCRIPTION
Extent xii, 478 p.
Dimensions 23 cm.
856 42 - ELECTRONIC LOCATION AND ACCESS
Materials specified Publisher description
Uniform Resource Identifier <a href="http://www.loc.gov/catdir/description/cam022/68105178.html">http://www.loc.gov/catdir/description/cam022/68105178.html</a>
856 41 - ELECTRONIC LOCATION AND ACCESS
Materials specified Table of contents
Uniform Resource Identifier <a href="http://www.loc.gov/catdir/toc/cam028/68105178.html">http://www.loc.gov/catdir/toc/cam028/68105178.html</a>
942 ## - ADDED ENTRY ELEMENTS (KOHA)
Source of classification or shelving scheme Library of Congress Classification
Koha item type Books
Suppress in OPAC No
999 ## -
-- 6846
-- 6846
Holdings
Withdrawn status Lost status Source of classification or shelving scheme Damaged status Not for loan Collection Home library Current library Shelving location Date acquired Total checkouts Full call number Barcode Date last seen Copy number Price effective from Koha item type
    Library of Congress Classification     Non-fiction Undergraduate Library (Christ Temple) Undergraduate Library (Christ Temple) General stacks 07/03/2025   BS2351 DOD ulct00003691 07/03/2025 1 06/10/2025 Books
© 2023-2024 Copyright: Central University Libraries. All Rights Reserved | Created by: Mahone Tech Office